| 000 | 00000nam 2200000zi 4500 |
| 001 | 9.869799 |
| 003 | CaOODSP |
| 005 | 20221107162940 |
| 006 | m o d f |
| 007 | cr ||||||||||| |
| 008 | 190313e198411##onca ob f000 0 eng d |
| 040 | |aCaOODSP|beng|erda|cCaOODSP |
| 043 | |an-cn--- |
| 086 | 1 |aCo24-3/1-84-040E-PDF |
| 100 | 1 |aMahmoud, Samy A., |eauthor. |
| 245 | 10|aVAX-11/780 CAE tools for multiprocessor simulation : |bN.mPc detailed system description / |cprepared by: Dr. S.A. Mahmoud, Intellitech Canada Limited. |
| 264 | 1|aOttawa, Canada : |bDepartment of Communications, Space Program, |cSeptember 1984. |
| 300 | |a1 online resource (33, 16 pages) : |billustrations. |
| 336 | |atext|btxt|2rdacontent |
| 337 | |acomputer|bc|2rdamedia |
| 338 | |aonline resource|bcr|2rdacarrier |
| 490 | 1 |aDOC contractor report ; |vDOC-CR-SP-84-040 |
| 500 | |a"Issued by contractor as report no: INT-84-25." |
| 500 | |aPart of DSS contract no. OER 83-05075. |
| 500 | |aDigitized copy from print [produced by Innovation, Science and Economic Development Canada]. |
| 504 | |aIncludes bibliographical references. |
| 520 | |a"N.mPc is a comprehensive software package which can be used as a design and development tool of microprocessor networks and devices. A version of the N.mPc software package is currently running on the VAX/VMS system of the Analysis and Simulation Laboratory (A & SL) of the Communications Research Centre. N.mPc provides an environment in which hardware/software configurations may be simulated and tested with relative ease. Systems such as N.mPc are essential in providing cost effective solution to the problems encountered in microprocessor design"--Summary. |
| 692 | 07|2gccst|aComputer systems |
| 692 | 07|2gccst|aDesign |
| 692 | 07|2gccst|aProgramming |
| 710 | 1 |aCanada. |bDepartment of Communications. |bSpace Program. |
| 710 | 2 |aIntellitech Canada Limited. |
| 830 | #0|aDOC contractor report (Canada. Department of Communications)|vDOC-CR-SP-84-040.|w(CaOODSP)9.869864 |
| 856 | 40|qPDF|s2.79 MB|uhttps://publications.gc.ca/collections/collection_2019/isde-ised/Co24/Co24-3-1-84-040-eng.pdf |